000 01203nam a2200253Ia 4500
003 OSt
005 20220930094934.0
006 a|||||r|||| 00| 0
007 ta
008 220926b |||||||| |||| 00| 0 hin d
024 _a55977
037 _cTheses
040 _aCRL
_cCRL
_bhin
041 _2hin
_ahin
100 _aरीता, ले.
_9159534
110 _aदिल्ली विश्वविद्यालय. कला संकाय. हिंदी विभाग
_9556841
245 0 _aस्त्री-पुरुष संबंधों की दृष्टि से मोहन राकेश और मन्नू भण्डारी के कथा-साहित्य का तुलनात्मक अध्ययन।
246 _aStrī-puruṣh sanbandhoan kī dṛuṣhṭi se mohan rākesh aur mannū bhaṇḍārī ke kathā-sāhitya kā tulanātmak adhyayana।
260 _c2016
300 _a292 पृ.
_ap.
_ccm.
700 _aदिल्ली विश्वविद्यालय. कला संकाय. हिंदी विभाग
_9556842
942 _cDIS
_2CC
999 _c888007
_d888007